Statistieken voor Rwanda Trivia Quiz

Klik hier om de quiz te nemen!

Algemene statistieken

  • Deze quiz is 238 keer genomen
  • De gemiddelde score is 13 van 17

Antwoordstatistieken

HintAntwoord% Correct
Aangrenzende landenBurundi
95%
Aangrenzende landenDemocratische Republiek Congo
93%
Aangrenzende landenOeganda
93%
Rwanda is het op vier na kleinste land van het Afrikaanse vasteland.
Noem een van de drie kleinere landen.
Gambia | Eswatini | Djibouti
92%
Aangrenzende landenTanzania
89%
Officiële talenEngels
88%
Officiële talenFrans
88%
Land waarvan Rwanda in 1962 onafhankelijk werdBelgië
86%
Het andere Europese land dat Rwanda heeft gekoloniseerdDuitsland
86%
HoofdstadKigali
75%
Officiële talenSwahili
73%
Etnische groep die in 1994 de grootste slachtoffers van de genocide wasTutsi
72%
Etnische groep die de voornaamste dader wasHutu
70%
Rwanda is een van de drie landen waar deze primaat in het wild leeftBerg{gorilla}
67%
Groot meer dat aan Rwanda grenst{Kivu}meer
42%
President sinds 2000, vaak beschouwd als een "welwillende dictator"Paul Kagame
36%
Officiële talenKinyarwanda
33%

Scoreverdeling

Percentiel versus Aantal Correcte Antwoorden

Procent van Mensen met Elke Score

Uw Scoregeschiedenis

U heeft deze quiz nog niet genomen